00537cam a22002177a 4500003000500000005001700005008004100022010000900063011001000072035000900082040000900091082001500100100001900115245006700134260004000201300001800241650001300259650001400272650001700286700001600303CHAP20220329133646.0971013s1992 r 00010 d a9149 a10121 a9358 cCHAP a584.9bC4400aChapman, G. P.13aAn introduction to the grasses (including bamboos and cereals) aOxon :bC.A.B. International,c1992 a111 p.b:ilus14aBambú.14aCereales.14aGramíneas.0 aPeat, W. E.